LEADER 01010nam a2200277Ii 4500 001 991001389499707536 008 051219s2002 fr b 001 0 fre d 020 $a2868477402 035 $ab13365186-39ule_inst 040 $aDip.to Filologia Class. e Scienze Filosofiche$bita 041 1 $afre$bgrc 082 04$a884.01 100 1 $aLambin, Gérard$0611107 245 10$aAnacréon :$bfragments et imitations /$cGérard Lambin 260 $aRennes :$bPresses universitaires de Rennes,$c2002 300 $a327 p. ;$c21 cm 490 1 $aCollection Interférences 504 $aContiene riferimenti bibliografici. Indici 600 04$aAnacreonte$xSaggio critico 653 4$aLetteratura greca 907 $a.b13365186$b02-04-14$c19-12-05 912 $a991001389499707536 945 $aLE007 880.1 Anacreon 2002-01 $g1$i2007000099339$lle007$op$pE23.94$q-$rl$s- $t0$u2$v0$w2$x0$y.i14170371$z19-12-05 996 $aAnacréon$91093748 997 $aUNISALENTO 998 $ale007$b19-12-05$cm$da $e-$ffre$gfr $h0$i0